| 000 | 00519nam a2200157 4500 | ||
|---|---|---|---|
| 001 | 144942 | ||
| 003 | ES-MaACL | ||
| 005 | 20230906201130.0 | ||
| 007 | t| | ||
| 008 | 070214s1966 sp r ||||1| spa d | ||
| 100 | 1 |
_aSmith, Harvey Garrett. _9106879 |
|
| 245 | 1 | 0 |
_aNavegación a vela con embarcaciones pequeñas / _cHarvey Garrett Smith. |
| 260 |
_aBarcelona : _bSintes, _c1966 ( _ePalma de Mallorca : _fFernando Soler Queralt) |
||
| 300 |
_a278 p., 6 lám. : _bil. ; _c23 cm. |
||
| 852 |
_aES-MaACL _jC-30934 _bR.61573 |
||
| 999 |
_c144942 _d144942 |
||